Hospodársky význam zmenky bakalárska práca

Enregistré dans:
Détails bibliographiques
Auteur principal: Berta, Jakub
Collectivités auteurs: Ekonomická univerzita v Bratislave. Národohospodárska fakulta, Univerzita Komenského v Bratislave. Právnická fakulta
Autres auteurs: Jablonka, Branislav
Format: Livre
Langue:slovaque
Publié: Bratislava 2018
Tags: Ajouter un tag
Pas de tags, Soyez le premier à ajouter un tag!

MARC

LEADER 00000nbm a2200000 4500
001 0245982
005 20181213101550.2
041 0 |a slo 
044 |a SK 
245 1 0 |a Hospodársky význam zmenky  |b bakalárska práca  |c Jakub Berta ; školiteľ: Branislav Jablonka 
264 1 |a Bratislava  |c 2018 
300 |a 45 s. 
100 1 |a Berta, Jakub 
700 1 |a Jablonka, Branislav 
710 2 |a Ekonomická univerzita v Bratislave. Národohospodárska fakulta 
710 2 |a Univerzita Komenského v Bratislave. Právnická fakulta